Bienvenue à la Médiathèque de Saint-Andiol
banniere
Accueil Recherche avancée Mon compte
handi1 Rechercher dans le catalogue

Filtre   Mots-clés
  Recherche avancée
 
Lister les dernières nouveautés
 
Lister les livres GROS CARACTERES
 
Lister les périodiques (magazines)

handi1 Et vous trouvez sabot ?

Book Cover
Auteur principal : Laurent Dufreney
Autres auteurs : Miss Prickly
Autres auteurs : Magali Paillat
Titre : Et vous trouvez sabot ?
Support : Livres
Langue : Francais
Publié : 2018 Delcourt Lausanne
Series : A cheval !
Genre : Bande Dessinée (enfants)
Collection : Jeunesse
Sujets :
Étiquettes :
Pas de tags
LEADER 01088nam0a2200253 450
001 16868289
010 |a 978-2-413-00281-9  |b cart.  |d 10,95 € 
100 |a 20170912d2018 u u0frey01 ba 
101 0 |a fre 
102 |a FR 
200 0 |a Et vous trouvez sabot ?  |f scénario Laurent Dufreney  |g dessin Miss Prickly - couleur Magali Paillat 
207 1 |a   
210 |a Lausanne  |b 27, rue de la Borde  |c Delcourt  |d 2018 
215 |a 38 p.  |c illustrations en couleur  |d 30 cm 
225 1 |a Jeunesse 
300 |a Coup de coeur 
330 |a Dans un drôle de centre équestre, une joyeuse bande de poneys et de chevaux mènent la vie dure aux cavaliers, qu'ils soient petits ou grands. Une suite de gags en tous genres qui feront gentiment poiler les jeunes fans d'équidés. 
461 0 |t A cheval !  |v 04 
700 0 |a Dufreney  |b Laurent  |f 1979-....  |4 70 
701 0 |a Miss Prickly  |f 1982-....  |4 440 
702 0 |a Paillat  |b Magali  |4 410 
900 |a Bande Dessinée (enfants) 
901 |a Jeunesse 
995 |a Médiathèque  |c Médiathèque  |f 00156006198154  |h 00156006198154  |k BD ACH  |o p  |q j  |r az  |e Médiathèque